| 000 | 00340nam a2200121Ia 4500 | ||
|---|---|---|---|
| 008 | 190722s9999 xx 000 0 und d | ||
| 020 | _a978-93-325-1862-9 | ||
| 100 | _aDorf, Bishop | ||
| 245 | 0 | _aModern Control Systems | |
| 260 |
_aNew Delhi _bPearson (Indian Ed.) Pvt. Ltd. Dorling Kindersley Pvt. Ltd. _c2014 |
||
| 300 | _a1043 | ||
| 942 | _cBK | ||
| 999 |
_c375 _d375 |
||